[Event "BL 0304 SC Kreuzberg - SCA St Ingbert"]
[Site "Berlin"]
[Date "2004.04.24"]
[Round "14.8"]
[White "Loeffler, Stefan"]
[Black "Callam, Hannes"]
[Result "1/2-1/2"]
[WhiteElo "2413"]
[BlackElo "2167"]
[PlyCount "96"]
[EventDate "2003.11.01"]

1. Nf3 Nf6 2. c4 e6 3. d4 Bb4+ 4. Bd2 Qe7 5. g3 b6 6. Bg2 Bb7 7. O-O Bxd2 8.
Nbxd2 d6 9. Qc2 c5 10. e4 e5 11. d5 O-O 12. Ne1 a6 13. Nd3 Nbd7 14. f4 Ne8 15.
Rae1 Nc7 16. fxe5 Nxe5 17. Nxe5 dxe5 18. a3 Bc8 19. Qc3 a5 20. Rb1 Na6 21. Nf3
f6 22. h3 Bd7 23. Kh2 Ra7 24. Rf2 Rfa8 25. g4 h6 26. Kg3 Nc7 27. h4 Ne8 28. g5
Nd6 29. Re1 Nf7 30. Bh3 Bxh3 31. Kxh3 fxg5 32. hxg5 Rf8 33. Ref1 Nxg5+ 34. Nxg5
Rxf2 35. Rxf2 Qxg5 36. Rf5 Qg1 37. Qxe5 Qh1+ 38. Kg3 Qg1+ 39. Kf3 Qf1+ 40. Ke3
Qc1+ 41. Kf2 Ra8 42. Qc3 Qb1 43. Rf4 g5 44. Rf6 Qxe4 45. Rxh6 Rf8+ 46. Rf6 Qh4+
47. Kg2 Qg4+ 48. Kh2 Qh4+ 1/2-1/2

[Event "BL 0304 SFR Neukölln - SV Hofheim"]
[Site "Berlin"]
[Date "2004.04.24"]
[Round "14.1"]
[White "Savchenko, Stanislav"]
[Black "Rogozenko, Dorian"]
[Result "1/2-1/2"]
[WhiteElo "2563"]
[BlackElo "2517"]
[PlyCount "59"]
[EventDate "2003.11.01"]

1. d4 d5 2. c4 c6 3. Nc3 Nf6 4. e3 a6 5. Nf3 b5 6. c5 Bg4 7. h3 Bxf3 8. Qxf3 g6
9. Qd1 Bg7 10. f4 b4 11. Na4 Ne4 12. Bd3 Ng3 13. Rg1 f5 14. Bd2 a5 15. Nb6 Ra7
16. Qf3 Ne4 17. Bxe4 fxe4 18. Qg4 Nd7 19. Nxd7 Qxd7 20. a3 Qxg4 21. hxg4 b3 22.
a4 Kf7 23. g5 Rb8 24. Ke2 e6 25. g4 Bf8 26. Raf1 Be7 27. Rh1 Kg8 28. Rh2 Rf8
29. Rfh1 Bd8 30. Bc3 1/2-1/2

[Event "BL 0304 SFR Neukölln - SV Hofheim"]
[Site "Berlin"]
[Date "2004.04.24"]
[Round "14.2"]
[White "Berndt, Stephan"]
[Black "Hickl, Joerg"]
[Result "0-1"]
[WhiteElo "2462"]
[BlackElo "2562"]
[PlyCount "100"]
[EventDate "2003.11.01"]

1. e4 g6 2. d4 d6 3. Nc3 c6 4. f4 d5 5. e5 h5 6. Nf3 Qb6 7. Na4 Qa5+ 8. c3 Bg4
9. Nc5 Qc7 10. Be3 e6 11. Nb3 Nd7 12. h3 Bxf3 13. Qxf3 h4 14. Bd3 Be7 15. O-O
Nh6 16. Rfc1 Kf8 17. Qe2 Kg7 18. Nd2 Nf5 19. Bf2 f6 20. c4 fxe5 21. Bxf5 exf5
22. cxd5 e4 23. dxc6 bxc6 24. d5 Qxf4 25. dxc6 Nf6 26. Nf1 Rhd8 27. Rd1 Qc7 28.
Qc4 Nh5 29. Rac1 Bg5 30. Rb1 Nf4 31. Ne3 Kh6 32. Rxd8 Rxd8 33. Rd1 Rxd1+ 34.
Nxd1 Nd3 35. Bd4 Qg3 36. Bf2 Nxf2 37. Nxf2 Be3 38. Qe2 Bb6 39. Kf1 Qd6 40. Qc2
Qf4 41. Ke1 Qh2 42. Nd1 Qg1+ 43. Kd2 Qxg2+ 44. Kc1 Qf1 45. Qc3 e3 46. Qb4 Kh5
47. Qe7 e2 48. Qh7+ Kg5 49. Qe7+ Kf4 50. Qd6+ Kf3 0-1

[Event "BL 0304 SFR Neukölln - SV Hofheim"]
[Site "Berlin"]
[Date "2004.04.24"]
[Round "14.3"]
[White "Krivoshey, Sergei"]
[Black "Polzin, Rainer"]
[Result "1/2-1/2"]
[WhiteElo "2495"]
[BlackElo "2489"]
[PlyCount "84"]
[EventDate "2003.11.01"]

1. Nf3 Nf6 2. c4 g6 3. Nc3 Bg7 4. e4 d6 5. d4 O-O 6. Be2 Na6 7. O-O e5 8. Be3
Ng4 9. Bg5 Qe8 10. dxe5 dxe5 11. Nd2 f6 12. Bh4 h5 13. a3 c6 14. b4 Be6 15. h3
Nh6 16. Qc2 g5 17. Bg3 h4 18. Bh2 g4 19. hxg4 Nxg4 20. Bxg4 Bxg4 21. f3 Be6 22.
f4 exf4 23. Bxf4 Rd8 24. c5 Qh5 25. Nf3 h3 26. g3 f5 27. e5 Nc7 28. Kh2 Bc4 29.
Rf2 Ne6 30. Ne2 Bd5 31. Nfd4 Ng5 32. Nc3 Ne4 33. Nxe4 fxe4 34. Raf1 e3 35. Bxe3
Rxf2+ 36. Qxf2 Qxe5 37. Nf5 Rf8 38. Qf4 Rxf5 39. Qxf5 Qxe3 40. Qc8+ Kh7 41.
Qf5+ Kg8 42. Qc8+ Kh7 1/2-1/2

[Event "BL 0304 SFR Neukölln - SV Hofheim"]
[Site "Berlin"]
[Date "2004.04.24"]
[Round "14.4"]
[White "Borriss, Martin Dr"]
[Black "Ginsburg, Gennadi"]
[Result "0-1"]
[WhiteElo "2445"]
[BlackElo "2483"]
[PlyCount "94"]
[EventDate "2003.11.01"]

1. e4 c5 2. Nf3 e6 3. d4 cxd4 4. Nxd4 a6 5. Nc3 b5 6. Bd3 d6 7. O-O Nf6 8. a4
b4 9. Na2 e5 10. Nf3 Nc6 11. Bd2 Rb8 12. c3 bxc3 13. Bxc3 a5 14. Bb5 Bd7 15.
Nd2 Be7 16. Re1 O-O 17. Nc4 Qc7 18. Rc1 Qa7 19. Bd2 Bg4 20. Be3 Bxd1 21. Bxa7
Nxa7 22. Rcxd1 Nxb5 23. axb5 Rxb5 24. Nc3 Rb4 25. Nxa5 Rxb2 26. Nc6 Bd8 27.
Rxd6 Bb6 28. Nd1 Rb1 29. Kf1 Ra8 30. f3 h5 31. Nf2 Rb5 32. Red1 Ra2 33. R6d2
Rxd2 34. Rxd2 Rc5 35. Ne7+ Kf8 36. Nf5 g6 37. Ng3 Rc1+ 38. Nd1 h4 39. Ne2 Ra1
40. Rd3 Nh5 41. Nec3 Nf4 42. Rd2 Ba5 43. Kf2 Rc1 44. g3 Ne6 45. Rd3 Rc2+ 46.
Ne2 Nd4 47. Re3 Rd2 0-1

[Event "BL 0304 SFR Neukölln - SV Hofheim"]
[Site "Berlin"]
[Date "2004.04.24"]
[Round "14.5"]
[White "Zude, Arno"]
[Black "Poldauf, Dirk"]
[Result "1/2-1/2"]
[WhiteElo "2382"]
[BlackElo "2404"]
[PlyCount "105"]
[EventDate "2003.11.01"]

1. d4 Nf6 2. c4 g6 3. Nc3 Bg7 4. e4 d6 5. f4 O-O 6. Nf3 Na6 7. e5 Nd7 8. Be2 c5
9. exd6 cxd4 10. Nxd4 Nb6 11. O-O Qxd6 12. Be3 Be6 13. Ncb5 Qc5 14. b3 Rfd8 15.
Qe1 Bd7 16. Qf2 Qc8 17. Rad1 Nc7 18. a4 Nxb5 19. Nxb5 Bxb5 20. axb5 e6 21.
Rxd8+ Qxd8 22. Rd1 Qc7 23. Bf3 Rd8 24. Rxd8+ Qxd8 25. Qd2 Qe7 26. h3 h5 27. Qa2
Nc8 28. c5 e5 29. fxe5 Bxe5 30. Qd2 Bg3 31. b4 Kh7 32. Bf2 Bxf2+ 33. Kxf2 Qh4+
34. Kg1 Qe7 35. Qd4 h4 36. Qe4 Qg5 37. Qd4 b6 38. Bb7 Ne7 39. cxb6 axb6 40.
Qxb6 Qc1+ 41. Kf2 Qd2+ 42. Kf3 Nf5 43. Qc5 Nd4+ 44. Ke4 Ne6 45. Qe7 Qe2+ 46.
Kd5 Qxb5+ 47. Ke4 Qe2+ 48. Kd5 Qb5+ 49. Ke4 Qc4+ 50. Ke3 Qc3+ 51. Kf2 Qd2+ 52.
Kf1 Qd1+ 53. Kf2 1/2-1/2

[Event "BL 0304 SFR Neukölln - SV Hofheim"]
[Site "Berlin"]
[Date "2004.04.24"]
[Round "14.6"]
[White "Thiede, Lars"]
[Black "Houska, Jovanka"]
[Result "1-0"]
[WhiteElo "2440"]
[BlackElo "2358"]
[PlyCount "59"]
[EventDate "2003.11.01"]

1. g3 d5 2. Bg2 c6 3. d3 Nf6 4. Nf3 Bg4 5. Nbd2 Nbd7 6. h3 Bh5 7. g4 Bg6 8. Nh4
e5 9. e3 Bd6 10. O-O Ng8 11. Nf5 Bxf5 12. gxf5 Ne7 13. e4 g6 14. fxg6 Nxg6 15.
exd5 cxd5 16. Bxd5 Nf4 17. Ne4 Rg8+ 18. Kh1 Nxd5 19. Nxd6+ Ke7 20. Ne4 f5 21.
Ng3 f4 22. Ne4 N7f6 23. Bd2 Rg6 24. Nxf6 Kxf6 25. Qh5 Qc7 26. Rae1 Rag8 27. c4
Ne7 28. Rxe5 Qc6+ 29. Re4 Nf5 30. Bc3+ 1-0

[Event "BL 0304 SFR Neukölln - SV Hofheim"]
[Site "Berlin"]
[Date "2004.04.24"]
[Round "14.8"]
[White "Rudolf, Henrik"]
[Black "Haubt, Georg"]
[Result "1/2-1/2"]
[WhiteElo "2316"]
[BlackElo "2283"]
[PlyCount "114"]
[EventDate "2003.11.01"]

1. e4 e5 2. Nf3 Nf6 3. Nxe5 d6 4. Nf3 Nxe4 5. d4 d5 6. Bd3 Nc6 7. O-O Bg4 8. c4
Be7 9. Nc3 Nxc3 10. bxc3 dxc4 11. Bxc4 O-O 12. h3 Bh5 13. Re1 Bd6 14. g4 Bg6
15. Bg5 Qc8 16. Nh4 Na5 17. Nxg6 hxg6 18. Bf1 c5 19. Bg2 Qc7 20. Qa4 Rab8 21.
dxc5 Qxc5 22. Be3 Qxc3 23. Bxa7 b5 24. Qe4 Rbc8 25. Qd5 Qc7 26. Be3 Nc4 27.
Qxb5 Nxe3 28. Rxe3 Rfd8 29. Bf3 Bc5 30. Re2 Qg3+ 31. Bg2 Qa3 32. Rae1 Kh7 33.
Rc2 Ba7 34. Rxc8 Rxc8 35. Qb3 Qxb3 36. axb3 Rc2 37. Rf1 Rb2 38. Bd5 f6 39. Kg2
Kh6 40. Kg3 g5 41. Kf3 Bb6 42. Be6 g6 43. Ke4 Rxf2 44. Rxf2 Bxf2 45. b4 Kg7 46.
Kd5 f5 47. gxf5 gxf5 48. Bxf5 Kf6 49. Bg4 Ke7 50. b5 Kd8 51. Kc6 Be3 52. b6 Bf2
53. b7 Ba7 54. Kd6 Bb8+ 55. Ke6 Bg3 56. Kf5 Kc7 57. Bf3 Bh4 1/2-1/2

[Event "BL 0304 Hamburger SK - Stuttgarter Sfr"]
[Site "Hamburg"]
[Date "2004.04.24"]
[Round "14.1"]
[White "Schmittdiel, Eckhard"]
[Black "Ftacnik, Lubomir"]
[Result "0-1"]
[WhiteElo "2483"]
[BlackElo "2585"]
[PlyCount "88"]
[EventDate "2003.11.01"]

1. e4 d6 2. d4 Nf6 3. f3 e5 4. dxe5 dxe5 5. Qxd8+ Kxd8 6. Bc4 Ke8 7. Be3 Nbd7
8. Nc3 c6 9. a4 a5 10. Nge2 Bc5 11. Nd1 Ke7 12. Nc1 Ne8 13. Nd3 Bxe3 14. Nxe3
Nd6 15. Bb3 b6 16. Nc4 Nxc4 17. Bxc4 Rd8 18. O-O-O f6 19. Rd2 Nf8 20. Rhd1 Rd4
21. b3 g5 22. c3 Rd7 23. g3 Bb7 24. h4 gxh4 25. gxh4 Rad8 26. Rg1 Ne6 27. Bxe6
Kxe6 28. Rgd1 Ba6 29. Nf2 Rxd2 30. Rxd2 Rxd2 31. Kxd2 Kf7 32. c4 Ke7 33. Nd3
Kd6 34. Ke3 Bc8 35. f4 exf4+ 36. Kxf4 Bh3 37. Nf2 Be6 38. Nd3 b5 39. c5+ Ke7
40. Nc1 Bf7 41. Ke3 b4 42. Kd3 Be6 43. Kc2 f5 44. exf5 Bxf5+ 0-1

[Event "BL 0304 Hamburger SK - Stuttgarter Sfr"]
[Site "Hamburg"]
[Date "2004.04.24"]
[Round "14.2"]
[White "Gustafsson, Jan"]
[Black "Berezovsky, Igor"]
[Result "1-0"]
[WhiteElo "2571"]
[BlackElo "2444"]
[PlyCount "145"]
[EventDate "2003.11.01"]

1. Nf3 d5 2. d4 Nc6 3. c4 Bg4 4. Nc3 e6 5. cxd5 exd5 6. Bf4 Bxf3 7. gxf3 Bb4 8.
e3 Nge7 9. Qb3 O-O 10. O-O-O Bxc3 11. Qxc3 Ng6 12. Bg3 f5 13. f4 Kh8 14. h4 h6
15. h5 Nge7 16. Bh4 Qc8 17. Rg1 Ng8 18. Kb1 Nce7 19. Be2 Nf6 20. Rc1 c6 21. Qc2
Qe6 22. Rg2 Ne4 23. Ka1 Rf7 24. Qb3 Qd7 25. Qa3 Qd6 26. Qxd6 Nxd6 27. b3 Ne4
28. Kb2 Re8 29. b4 a6 30. a4 Rb8 31. Rc2 Nd6 32. Rg1 Nec8 33. Rg6 Rd7 34. Kb3
Nb6 35. Be7 Ne4 36. Bh4 Nd6 37. Re6 Nbc4 38. Re7 Rxe7 39. Bxe7 Ne4 40. Bxc4
dxc4+ 41. Kxc4 Re8 42. Bh4 Re6 43. Kd3 Kg8 44. f3 Nf6 45. Bxf6 Rxf6 46. Rc5 Kf7
47. Ke2 Ke7 48. b5 axb5 49. axb5 Kd6 50. bxc6 bxc6 51. Re5 Kd7 52. Kf2 Kd8 53.
Ke1 Kd7 54. Kd2 Rf7 55. Kd3 Rf6 56. Kc3 Rf7 57. Kc4 Kd6 58. Re8 Ra7 59. e4 Ra4+
60. Kd3 Ra3+ 61. Ke2 Ra2+ 62. Ke3 Ra3+ 63. Kf2 Rd3 64. e5+ Kd7 65. Rg8 Rxd4 66.
Rxg7+ Kd8 67. Ke3 Rd1 68. Rh7 c5 69. Rxh6 Rh1 70. Rh7 c4 71. h6 c3 72. Kd3 Ke8
73. e6 1-0

[Event "BL 0304 Hamburger SK - Stuttgarter Sfr"]
[Site "Hamburg"]
[Date "2004.04.24"]
[Round "14.3"]
[White "Papa, Severin"]
[Black "Wahls, Matthias"]
[Result "0-1"]
[WhiteElo "2401"]
[BlackElo "2546"]
[PlyCount "42"]
[EventDate "2003.11.01"]

1. d4 Nf6 2. Bg5 e6 3. e4 h6 4. Bxf6 Qxf6 5. c3 d6 6. Bd3 g6 7. Ne2 e5 8. Nd2
Bg7 9. O-O Nc6 10. Nb3 O-O 11. f4 exd4 12. cxd4 Nb4 13. e5 dxe5 14. fxe5 Qb6
15. Kh1 Be6 16. Nc5 Rad8 17. Nf4 Rxd4 18. Nfxe6 fxe6 19. Rc1 Nxd3 20. Nxd3 Qb5
21. Rc3 Rfd8 0-1

[Event "BL 0304 Hamburger SK - Stuttgarter Sfr"]
[Site "Hamburg"]
[Date "2004.04.24"]
[Round "14.4"]
[White "Mueller, Karsten"]
[Black "Reuss, Andreas"]
[Result "0-1"]
[WhiteElo "2521"]
[BlackElo "2361"]
[PlyCount "48"]
[EventDate "2003.11.01"]

1. e4 c6 2. Nc3 d5 3. Nf3 Bg4 4. h3 Bxf3 5. Qxf3 Nf6 6. g3 e6 7. Bg2 Bb4 8. e5
Nfd7 9. Qg4 Bf8 10. Qe2 c5 11. d3 Nc6 12. f4 g5 13. O-O gxf4 14. Bxf4 Bg7 15.
Qg4 Bxe5 16. Bg5 h5 17. Qh4 f6 18. Bf4 f5 19. Bg5 Bf6 20. Rae1 Kf7 21. Rxe6
Bxg5 22. Rxf5+ Kxe6 23. Rxg5 Nde5 24. Bxd5+ Qxd5 0-1

[Event "BL 0304 Hamburger SK - Stuttgarter Sfr"]
[Site "Hamburg"]
[Date "2004.04.24"]
[Round "14.5"]
[White "Lorscheid, Gerhard"]
[Black "Bezold, Michael"]
[Result "1/2-1/2"]
[WhiteElo "2297"]
[BlackElo "2456"]
[PlyCount "82"]
[EventDate "2003.11.01"]

1. d4 e6 2. c4 f5 3. g3 Nf6 4. Bg2 c6 5. Qc2 d5 6. Nh3 Bd6 7. O-O O-O 8. Bf4
Be7 9. Nd2 Bd7 10. Nf3 Ng4 11. Rad1 Na6 12. Qb3 Qb6 13. Ne5 Be8 14. c5 Qxb3 15.
axb3 g5 16. Bxg5 Bxg5 17. Nxg5 Nxe5 18. dxe5 Nxc5 19. b4 h6 20. bxc5 hxg5 21.
Ra1 Bh5 22. f3 Rfb8 23. b4 Be8 24. Ra2 b6 25. Rfa1 bxc5 26. bxc5 Rb5 27. Rxa7
Rxa7 28. Rxa7 Rxc5 29. Re7 Bf7 30. f4 g4 31. h3 Kf8 32. Ra7 Rc3 33. Kf2 gxh3
34. Bxh3 d4 35. Bg2 c5 36. Bf3 Rc2 37. Ra8+ Kg7 38. Ra7 Kf8 39. Ra8+ Kg7 40.
Ra7 Kg8 41. Ra8+ Kg7 1/2-1/2

[Event "BL 0304 Hamburger SK - Stuttgarter Sfr"]
[Site "Hamburg"]
[Date "2004.04.24"]
[Round "14.6"]
[White "Reeh, Oliver"]
[Black "Heinatz, Thomas"]
[Result "1-0"]
[WhiteElo "2446"]
[BlackElo "2332"]
[PlyCount "47"]
[EventDate "2003.11.01"]

1. e4 c5 2. Nf3 Nc6 3. Bb5 d6 4. c3 Nf6 5. Qe2 e6 6. O-O Bd7 7. d4 cxd4 8. cxd4
a6 9. Ba4 b5 10. Bb3 Na5 11. Bc2 Rc8 12. Bd3 Be7 13. Nbd2 Qc7 14. b3 e5 15. Bb2
Nc6 16. a4 bxa4 17. bxa4 Ra8 18. Nc4 exd4 19. Nxd4 Nb4 20. Bb1 Rc8 21. Ne3 O-O
22. Ndf5 Be6 23. Qf3 d5 24. Qg3 1-0

[Event "BL 0304 Hamburger SK - Stuttgarter Sfr"]
[Site "Hamburg"]
[Date "2004.04.24"]
[Round "14.7"]
[White "Vuckovic, Aleksandar"]
[Black "Heinemann, Thies"]
[Result "1-0"]
[WhiteElo "2321"]
[BlackElo "2426"]
[PlyCount "107"]
[EventDate "2003.11.01"]

1. e4 c5 2. Nf3 d6 3. d4 cxd4 4. Nxd4 Nf6 5. Nc3 a6 6. g3 e5 7. Nde2 Nbd7 8.
Bg2 b5 9. h3 Bb7 10. g4 b4 11. Nd5 Nxd5 12. exd5 Rc8 13. O-O Qc7 14. c3 bxc3
15. Nxc3 Be7 16. Be3 O-O 17. Rc1 Qb8 18. Qd2 Rc4 19. Rfd1 Rfc8 20. Bf1 R4c7 21.
Bd3 g6 22. g5 Qa8 23. Be2 f5 24. gxf6 Nxf6 25. Bb6 Rxc3 26. Rxc3 Nxd5 27. Rxc8+
Qxc8 28. Bg4 Qc6 29. Be6+ Kg7 30. Bxd5 Qxb6 31. Bxb7 Qxb7 32. b3 Qc8 33. Qd3 a5
34. Kg2 Kh6 35. Qc4 Qf8 36. Rd3 Qf5 37. Rf3 Qg5+ 38. Rg3 Qd2 39. a4 d5 40. Qd3
Qf4 41. Qxd5 Bh4 42. Rf3 Qg5+ 43. Kf1 Qc1+ 44. Ke2 Bg5 45. Qxe5 Bd2 46. Re3
Qe1+ 47. Kd3 Qxf2 48. Re2 Bf4 49. Rxf2 Bxe5 50. b4 axb4 51. a5 b3 52. a6 b2 53.
Rf1 Bb8 54. Rb1 1-0

[Event "BL 0304 Hamburger SK - Stuttgarter Sfr"]
[Site "Hamburg"]
[Date "2004.04.24"]
[Round "14.8"]
[White "Michaelsen, Nils"]
[Black "Haas, Wilhelm"]
[Result "1/2-1/2"]
[WhiteElo "2440"]
[BlackElo "2196"]
[PlyCount "48"]
[EventDate "2003.11.01"]

1. d4 Nf6 2. c4 c5 3. d5 g6 4. Nc3 Bg7 5. e4 d6 6. f4 O-O 7. Nf3 Na6 8. Bd3 Nc7
9. O-O a6 10. a4 Rb8 11. a5 b5 12. axb6 Rxb6 13. Ra3 Bd7 14. Qe1 e6 15. f5 exd5
16. exd5 Ng4 17. Qg3 Ne5 18. Nxe5 Bxe5 19. Bf4 Bd4+ 20. Kh1 Ne8 21. Bh6 Ng7 22.
Qf3 Qh4 23. Bxg7 Kxg7 24. Ra2 Be5 1/2-1/2